Word Ladder: Navigating Water with Wind Quiz Stats

Quiz Updated Oct 2, 2017

Challenge
Share
Tweet
Embed
Score 0/10 Timer 01:00
0 Plays Today
Clue 4-Letter Word % Correct
It's opposite SpringFALL
98.3%
Main object in most sportsBALL
97.6%
Christian of 'Batman Begins'BALE
96.1%
Opposite of passFAIL
88.3%
Trench surrounding a compoundMOAT
87.4%
Shed feathersMOLT
86.5%
Disney film about a dogBOLT
85.7%
Trunk of a treeBOLE
82.2%
A large tray for sushi•BOAT•
63%
AWOLNATION song •SAIL•
50.8%

Today's Daily Dose

Missing Word
Law Misconceptions

Word Ladder
Easy Math

On This Day
January 20th

You're not logged in!

Compare scores with friends on all Sporcle quizzes.
Sign Up with Email
OR
Log In

You Might Also Like...

Show Comments

Extras

Top Quizzes Today


Score Distribution

Your Account Isn't Verified!

In order to create a playlist on Sporcle, you need to verify the email address you used during registration. Go to your Sporcle Settings to finish the process.